Đang tải...

கொக்குகள் பறந்து விட்டன

Chi tiết về thư mục
Tác giả chính: Kaasirajan G காசிராஜன் ஜி
Định dạng: Printed Book
Được phát hành: Chennai Nizhal 2002
Những chủ đề:
LEADER 00547nam a22001457a 4500
082 |a 894.811301  |b KAA/K 
100 |a Kaasirajan G  |a காசிராஜன் ஜி  
240 |a Kokkukal Paranthu Vittana 
245 |a கொக்குகள் பறந்து விட்டன  
260 |a Chennai  |b Nizhal  |c 2002 
300 |a 142p. 
650 |a Tamil Short Stories 
942 |c BK 
999 |c 315973  |d 315973 
952 |0 0  |1 0  |4 0  |6 894_811301000000000_KAA_K  |7 0  |9 337959  |a TAM  |b TAM  |d 2020-12-02  |g 45.00  |l 0  |o 894.811301 KAA/K  |p TAM25751  |r 2020-12-02  |w 2020-12-02  |y BK